Ley de matrimonio civil

Saved in:
Bibliografiske detaljer
Format: Bog
Sprog:spansk
Udgivet: Santiago LOM 2007
Serier:Jurisprudencia
Fag:
Tags: Tilføj Tag
Ingen Tags, Vær først til at tagge denne postø!

MARC

LEADER 00000nam a2200000 a 4500
001 UCI3520
003 CL-VaPUC
008 071109e20070000CL |||||||||||||||||spa|d
020 |a 9789562860734 
082 0 4 |a 346.8301  |b LEY  |2 21 
245 1 0 |a Ley de matrimonio civil 
300 |a 425 p 
942 |c BK 
945 |d 20071109 00:00:00  |a jtorresc 
260 |a Santiago  |b LOM  |c 2007 
650 0 |a Divorcio  |9 256204 
650 7 |a MATRIMONIO  |2 CL-VaPUC  |9 524869 
650 0 |a Nulidad del matrimonio  |9 524870 
650 7 |a SEPARACION DE HECHO  |2 CL-VaPUC  |9 379356 
650 0 |a Ley de matrimonio civil   |9 524871 
583 |a last modification  |c 20071109 00:00:00  |k Rodrigo Vera 
490 0 |a Jurisprudencia 
999 |c 327673  |d 327671 
952 |0 0  |1 0  |4 0  |6 346_830100000000000_LEY_2007  |7 0  |8 A  |9 410823  |a BIBDER  |b BIBDER  |d 2019-11-22  |i 4386175  |o 346.8301 LEY 2007  |p 4386175  |r 2023-01-25  |w 2019-11-22  |y BK  |k DER